Remix : cultura de la remezcla y derechos de autor en el entorno digital /

Uloženo v:
Podrobná bibliografie
Hlavní autor: Lessig, Lawrence (autor)
Médium: Kniha
Jazyk:španělština
Vydáno: Barcelona, España : Icaria, 2012, c2012
Edice:(Antrazyt ; Análisis Contemporáneo) 380.
Témata:
Tagy: Přidat tag
Žádné tagy, Buďte první, kdo vytvoří štítek k tomuto záznamu!

MARC

LEADER 00000nam^a2200000^a^4500
001 000410300
005 20250521000000.0
009 20260310122042.908
020 |a 978-84-9888-454-8 
037 |a Acervo ITESO - Biblioteca 
041 |a ESP 
082 |a 346. 0482  |b LES 
100 |a Lessig, Lawrence  |e (autor) 
245 1 0 |a Remix :  |b cultura de la remezcla y derechos de autor en el entorno digital /  |c L. Lessig ; tr. por Maryam Itatí Portillo... [et al.]. 
264 4 |a Barcelona, España :  |b Icaria,  |c 2012, c2012 
300 |a 365 p. 
336 |a texto  |b txt  |2 rdacontenido 
337 |a sin mediación  |b n  |2 rdamedio 
338 |a volumen  |b nc  |2 rdasoporte 
440 1 |a (Antrazyt ;  |v 380.  |p Análisis Contemporáneo) 
500 |a Traducción de: Remix: Making Art Commerce Thrive in the Hybrid Economy 
521 |a FIL 2018 DIA 
649 |a XX 
650 |a Creatividad -  |x Aspectos Económicos 
650 |a Tecnologías de Comunicación e Información -  |x Aspectos Económicos 
650 |a Falsificación y Plagio (Creación) 
650 |a Software Libre -  |x Aspectos Económicos 
650 |a Derecho de Autor -  |x Tema Principal 
650 |a Propiedad Intelectual 
650 |a Derechos Culturales 
650 |a Derecho Social 
910 |a Fondo General 
920 |a Impresos - Libros 
930 |a Colección General 
905 |a 101 
901 |a 0500312922  |b IT1  |c ACC  |i C164544  |u 20250521 
902 |a https://opac.biblio.iteso.mx/vufind/Record/000410300